[Event "NRW Class2 1718"]
[Site "Germany"]
[Date "2017.09.17"]
[Round "1.2"]
[White "Haub, Thorsten Michael"]
[Black "Lupor, Andre"]
[Result "1/2-1/2"]
[WhiteElo "2368"]
[BlackElo "2219"]
[PlyCount "95"]
[EventDate "2017.09.17"]
[EventType "team-tourn"]
[EventRounds "9"]
[EventCountry "GER"]
[SourceTitle "EXT 2019"]
[Source "ChessBase"]
[SourceDate "2018.10.10"]
[SourceVersion "1"]
[SourceVersionDate "2018.10.10"]
[SourceQuality "1"]
[WhiteTeam "Plettenberg"]
[BlackTeam "Ennepe Ruhr Sued"]
[WhiteTeamCountry "GER"]
[BlackTeamCountry "GER"]

1. Nf3 Nf6 2. g3 g6 3. b4 Bg7 4. Bb2 0-0 5. Bg2 c6 6. c4 d5 7. cxd5 Nxd5 8. Bxg7 Kxg7 9. Qb3 Qb6 10. a3 a5 11. Nc3 axb4 12. Nxd5 cxd5 13. 0-0 e6 14. Qxb4 Qxb4 15. axb4 Rxa1 16. Rxa1 Kf6 17. d4 Ke7 18. e3 Kd6 19. Bf1 Bd7 20. Ra8 f6 21. Ne1 Rc8 22. Nd3 b6 23. h4 Nc6 24. Ra1 Rc7 25. Ra6 Rb7 26. f4 Kc7 27. Ra8 Rb8 28. Ra2 Rb7 29. g4 Ra7 30. Rh2 Ra1 31. g5 f5 32. h5 Ne7 33. hxg6 hxg6 34. Rc2+ Kd8 35. Kf2 Bb5 36. Be2 Bc4 37. Rb2 Ra3 38. Ne5 b5 39. Kf3 Kc7 40. Kf2 Kd8 41. Kf3 Ke8 42. Bd1 Ra1 43. Be2 Kf8 44. Kg3 Ra3 45. Kf2 Ra1 46. Kg3 Ra3 47. Kf2 Ra1 48. Kg3 1/2-1/2

[Event "Oberliga NRW 1617"]
[Site "Germany"]
[Date "2017.03.05"]
[Round "7.2"]
[White "Malykin, Vitaly"]
[Black "Lupor, Andre"]
[Result "1/2-1/2"]
[WhiteElo "2393"]
[BlackElo "2256"]
[PlyCount "39"]
[EventDate "2016.09.25"]
[EventType "team-tourn"]
[EventRounds "9"]
[EventCountry "GER"]
[SourceTitle "EXT 2020"]
[Source "ChessBase"]
[SourceDate "2019.10.17"]
[SourceVersion "1"]
[SourceVersionDate "2019.10.17"]
[SourceQuality "1"]
[WhiteTeam "Koeln Porz II"]
[BlackTeam "Ennepe Ruhr Sued"]
[WhiteTeamCountry "GER"]
[BlackTeamCountry "GER"]

1. Nf3 Nf6 2. c4 g6 3. Nc3 d5 4. cxd5 Nxd5 5. Qa4+ Nc6 6. Ne5 Qd6 7. Nxc6 Qxc6 8. Qxc6+ bxc6 9. g3 Bg7 10. Bg2 Be6 11. 0-0 Rb8 12. b3 Nb4 13. Bb2 0-0 14. Na4 Bxb2 15. Nxb2 Rfd8 16. d3 Nc2 17. Rac1 Nb4 18. Ra1 Nc2 19. Rac1 Nb4 20. Ra1 1/2-1/2

[Event "NRW Class2 1516"]
[Site "Germany"]
[Date "2016.02.14"]
[Round "6.2"]
[White "Kartsev, Soel"]
[Black "Lupor, Andre"]
[Result "0-1"]
[WhiteElo "2224"]
[BlackElo "2160"]
[PlyCount "90"]
[EventDate "2015.09.27"]
[EventType "team-tourn"]
[EventRounds "9"]
[EventCountry "GER"]
[SourceTitle "EXT 2017"]
[Source "ChessBase"]
[SourceDate "2016.10.25"]
[SourceVersion "1"]
[SourceVersionDate "2016.10.25"]
[SourceQuality "1"]
[WhiteTeam "Sodingen"]
[BlackTeam "Ennepe Ruhr Sued"]
[WhiteTeamCountry "GER"]
[BlackTeamCountry "GER"]

1. d4 Nf6 2. c4 g6 3. Nc3 d5 4. cxd5 Nxd5 5. e4 Nxc3 6. bxc3 Bg7 7. Be3 c5 8. Qd2 Qa5 9. Nf3 0-0 10. Rc1 Rd8 11. d5 e6 12. c4 Qxd2+ 13. Nxd2 Na6 14. Be2 b6 15. 0-0 Nb4 16. a3 Na2 17. Rc2 Nc3 18. Bf3 exd5 19. cxd5 Ba6 20. Rfc1 Ne2+ 21. Bxe2 Bxe2 22. f3 Bd3 23. Ra2 Rac8 24. Nf1 f5 25. Rd2 fxe4 26. fxe4 Bxe4 27. Ng3 Bxd5 28. Rcd1 Re8 29. Bxc5 Bb3 30. Rb1 bxc5 31. Rxb3 c4 32. Rb7 c3 33. Rc2 Rcd8 34. Kf2 Rd5 35. a4 h5 36. Rb4 Red8 37. Re4 Rd2+ 38. Re2 Rxc2 39. Rxc2 Rd4 40. Ke3 Rxa4 41. Kd3 Rb4 42. Ra2 Rb2 43. Rxa7 Rd2+ 44. Ke4 c2 45. Rc7 Bb2 0-1

[Event "NRW Class1 1415"]
[Site "Germany"]
[Date "2015.04.26"]
[Round "9.2"]
[White "Lupor, Andre"]
[Black "Rybarczyk, Klaus"]
[Result "0-1"]
[WhiteElo "2182"]
[BlackElo "2161"]
[PlyCount "68"]
[EventDate "2014.09.14"]
[EventType "team-tourn"]
[EventRounds "9"]
[EventCountry "GER"]
[SourceTitle "EXT 2017"]
[Source "ChessBase"]
[SourceDate "2016.10.25"]
[SourceVersion "1"]
[SourceVersionDate "2016.10.25"]
[SourceQuality "1"]
[WhiteTeam "Ennepe Ruhr Sued"]
[BlackTeam "Niederkassel"]
[WhiteTeamCountry "GER"]
[BlackTeamCountry "GER"]

1. Nf3 Nf6 2. c4 g6 3. d4 Bg7 4. Nc3 0-0 5. e4 d6 6. Be2 e5 7. 0-0 Nc6 8. d5 Ne7 9. b4 Nh5 10. Re1 Nf4 11. Bf1 a5 12. bxa5 Rxa5 13. Nd2 c5 14. a4 Ra6 15. Ra3 f5 16. g3 Nh5 17. exf5 Nxf5 18. Nde4 Nf6 19. Bg2 Bh6 20. Nxf6+ Qxf6 21. Ne4 Qe7 22. Bxh6 Nxh6 23. f4 Nf7 24. Rae3 exf4 25. gxf4 Qh4 26. Qa1 Nh6 27. Ng5 Ng4 28. Rh3 Qf2+ 29. Kh1 Rxa4 30. Qd1 Ra2 31. Rg3 Qxf4 32. Nh3 Nf2+ 33. Nxf2 Rxf2 34. Re7 Qxc4 0-1

[Event "Bad Woerishofen op 31st"]
[Site "Bad Woerishofen"]
[Date "2015.03.05"]
[Round "8"]
[White "Lupor, Andre"]
[Black "Baeuml, Ulrich"]
[Result "1/2-1/2"]
[WhiteElo "2283"]
[BlackElo "2120"]
[PlyCount "44"]
[EventDate "2015.02.27"]
[EventType "swiss"]
[EventRounds "9"]
[EventCountry "GER"]
[SourceTitle "CBM 165 Extra"]
[Source "ChessBase"]
[SourceDate "2015.04.21"]
[SourceVersion "1"]
[SourceVersionDate "2015.04.21"]
[SourceQuality "1"]

1. d4 e6 2. c4 d5 3. Nc3 c5 4. cxd5 exd5 5. Nf3 Nc6 6. g3 Nf6 7. Bg2 Be7 8. 0-0 0-0 9. Bg5 c4 10. Ne5 Be6 11. b3 Qa5 12. Qd2 Rfd8 13. Nxc6 bxc6 14. bxc4 dxc4 15. Bxc6 Rac8 16. Bg2 h6 17. Bxf6 Bxf6 18. e3 Bf5 19. Rfc1 Be7 20. e4 Bg6 21. Rd1 Bb4 22. Rac1 f5 1/2-1/2

[Event "Bad Woerishofen op 31st"]
[Site "Bad Woerishofen"]
[Date "2015.03.04"]
[Round "6"]
[White "Lupor, Andre"]
[Black "Kozlov, Alexander"]
[Result "1/2-1/2"]
[WhiteElo "2283"]
[BlackElo "2152"]
[PlyCount "56"]
[EventDate "2015.02.27"]
[EventType "swiss"]
[EventRounds "9"]
[EventCountry "GER"]
[SourceTitle "CBM 165 Extra"]
[Source "ChessBase"]
[SourceDate "2015.04.21"]
[SourceVersion "1"]
[SourceVersionDate "2015.04.21"]
[SourceQuality "1"]

1. d4 d6 2. Nf3 Nf6 3. c4 Bg4 4. Nc3 Nbd7 5. g3 Bxf3 6. exf3 g6 7. Be3 Bg7 8. Bg2 0-0 9. 0-0 c6 10. f4 e6 11. d5 exd5 12. cxd5 c5 13. Qd3 Ng4 14. Bd2 a6 15. a4 f5 16. h3 Ngf6 17. Rfe1 Qc7 18. b3 Rfe8 19. Rac1 Rxe1+ 20. Bxe1 Qb6 21. Qc2 Re8 22. Bf1 Kf8 23. Bc4 Qc7 24. Bd2 Nb6 25. Re1 Rxe1+ 26. Bxe1 Nxc4 27. bxc4 Qe7 28. Kf1 b6 1/2-1/2

[Event "Bad Woerishofen op 31st"]
[Site "Bad Woerishofen"]
[Date "2015.03.01"]
[Round "3"]
[White "Stein, Marco"]
[Black "Lupor, Andre"]
[Result "1/2-1/2"]
[WhiteElo "2102"]
[BlackElo "2283"]
[PlyCount "43"]
[EventDate "2015.02.27"]
[EventType "swiss"]
[EventRounds "9"]
[EventCountry "GER"]
[SourceTitle "CBM 165 Extra"]
[Source "ChessBase"]
[SourceDate "2015.04.21"]
[SourceVersion "1"]
[SourceVersionDate "2015.04.21"]
[SourceQuality "1"]

1. d4 Nf6 2. c4 g6 3. f3 d5 4. cxd5 Nxd5 5. e4 Nb6 6. Nc3 Bg7 7. Be3 0-0 8. Qd2 Nc6 9. 0-0-0 Qd6 10. Nb5 Qd7 11. Bh6 Bxh6 12. Qxh6 a6 13. Nc3 Nxd4 14. f4 c5 15. h4 Qg4 16. h5 f6 17. hxg6 Qxg6 18. Qh4 Bg4 19. Rd3 Rf7 20. Rg3 Rg7 21. Nf3 h5 22. f5 1/2-1/2

[Event "NRW Class1 1415"]
[Site "Germany"]
[Date "2015.02.08"]
[Round "6.2"]
[White "Lupor, Andre"]
[Black "Kilian, Ralf"]
[Result "1/2-1/2"]
[WhiteElo "2182"]
[BlackElo "2133"]
[PlyCount "174"]
[EventDate "2014.09.14"]
[EventType "team-tourn"]
[EventRounds "9"]
[EventCountry "GER"]
[SourceTitle "EXT 2017"]
[Source "ChessBase"]
[SourceDate "2016.10.25"]
[SourceVersion "1"]
[SourceVersionDate "2016.10.25"]
[SourceQuality "1"]
[WhiteTeam "Ennepe Ruhr Sued"]
[BlackTeam "Kamen"]
[WhiteTeamCountry "GER"]
[BlackTeamCountry "GER"]

1. d4 e6 2. c4 d5 3. Nc3 c5 4. cxd5 exd5 5. Nf3 Nc6 6. g3 Nf6 7. Bg2 Be7 8. 0-0 0-0 9. Bg5 c4 10. Ne5 Be6 11. b3 Qa5 12. Qd2 Bb4 13. Bxf6 gxf6 14. Nxc6 bxc6 15. Rfc1 c5 16. bxc4 Rac8 17. a3 Bxc3 18. Rxc3 cxd4 19. Qxd4 Rxc4 20. Rxc4 dxc4 21. Qxf6 Qf5 22. Qxf5 Bxf5 23. Bd5 Rc8 24. Rc1 c3 25. f3 c2 26. Kf2 Rc3 27. Ke1 Rc5 28. Bb3 Rc3 29. Ba4 Rc4 30. Bb5 Rc5 31. Bd3 Bxd3 32. exd3 Rc3 33. Kd2 Rxa3 34. Rxc2 Kg7 35. Ke3 a5 36. Rc6 a4 37. g4 Ra1 38. Ra6 a3 39. h4 a2 40. Kf4 Rd1 41. Rxa2 Rxd3 42. Ra6 h6 43. Ra4 Rb3 44. Rc4 Ra3 45. Re4 Kf6 46. Re3 Ra4+ 47. Kg3 Rb4 48. Rc3 Rb6 49. h5 Ra6 50. Kh4 Rb6 51. Rc4 Ra6 52. f4 Kg7 53. g5 hxg5+ 54. fxg5 Ra1 55. Kg4 Rh1 56. Rf4 Ra1 57. Re4 Rf1 58. Rd4 Rf2 59. Rf4 Ra2 60. h6+ Kg8 61. Rf3 Ra1 62. Rf2 Rb1 63. Rf4 Ra1 64. Re4 Rf1 65. Rd4 Rf2 66. Rd3 Rf1 67. Re3 Kh7 68. Rf3 Rg1+ 69. Kf5 Ra1 70. Kf6 Kg8 71. Rf4 Ra6+ 72. Kf5 Ra5+ 73. Kg4 Ra1 74. Rf3 Rb1 75. h7+ Kxh7 76. Rxf7+ Kg6 77. Rf6+ Kg7 78. Rf4 Rg1+ 79. Kf5 Ra1 80. Rf3 Ra5+ 81. Kg4 Ra1 82. Rf2 Kg6 83. Rf6+ Kg7 84. Rf4 Kg6 85. Rf6+ Kg7 86. Rf4 Kg6 87. Rf6+ Kg7 1/2-1/2

[Event "NRW Class1 1415"]
[Site "Germany"]
[Date "2014.10.05"]
[Round "2.2"]
[White "Lupor, Andre"]
[Black "Hintze, Helge"]
[Result "1/2-1/2"]
[WhiteElo "2182"]
[BlackElo "2218"]
[PlyCount "68"]
[EventDate "2014.09.14"]
[EventType "team-tourn"]
[EventRounds "9"]
[EventCountry "GER"]
[SourceTitle "EXT 2017"]
[Source "ChessBase"]
[SourceDate "2016.10.25"]
[SourceVersion "1"]
[SourceVersionDate "2016.10.25"]
[SourceQuality "1"]
[WhiteTeam "Ennepe Ruhr Sued"]
[BlackTeam "Elberfeld"]
[WhiteTeamCountry "GER"]
[BlackTeamCountry "GER"]

1. d4 Nf6 2. c4 g6 3. Nc3 d5 4. cxd5 Nxd5 5. e4 Nxc3 6. bxc3 Bg7 7. Nf3 c5 8. Be3 Nc6 9. Be2 Bg4 10. e5 cxd4 11. cxd4 Be6 12. 0-0 0-0 13. Qd2 Qd7 14. Rfd1 Rfd8 15. Rac1 Bd5 16. Ne1 e6 17. Nd3 b6 18. Nf4 Ne7 19. Nxd5 Nxd5 20. Qc2 Nxe3 21. fxe3 Rac8 22. Qb3 Rxc1 23. Rxc1 Bh6 24. Kf2 Qe7 25. Rd1 Qh4+ 26. Kg1 Qe4 27. Kf2 Rc8 28. Qd3 Qh4+ 29. Kg1 Qg5 30. Kf2 b5 31. Qe4 Rc3 32. Rd3 Rxd3 33. Bxd3 b4 34. Bc2 Qf5+ 1/2-1/2

[Event "Leiden op-A 8th"]
[Site "Leiden"]
[Date "2014.07.19"]
[Round "8"]
[White "Lupor, Andre"]
[Black "Thakoerdien, Jerrel"]
[Result "1-0"]
[WhiteElo "2281"]
[BlackElo "2115"]
[PlyCount "77"]
[EventDate "2014.07.11"]
[EventType "swiss"]
[EventRounds "9"]
[EventCountry "NED"]
[SourceTitle "CBM 161 Extra"]
[Source "ChessBase"]
[SourceDate "2014.08.29"]
[SourceVersion "1"]
[SourceVersionDate "2014.08.29"]
[SourceQuality "1"]

1. d4 Nf6 2. c4 g6 3. Nc3 Bg7 4. e4 d6 5. Nf3 0-0 6. Be2 e5 7. 0-0 Nc6 8. d5 Ne7 9. b4 Nh5 10. Re1 Nf4 11. Bf1 a5 12. bxa5 h6 13. Nd2 Rxa5 14. a4 c5 15. Ra3 g5 16. Nb5 f5 17. g3 Nfg6 18. exf5 Bxf5 19. Ne4 Bxe4 20. Rxe4 Nf5 21. Bd2 Ra6 22. a5 Rf7 23. Bh3 Qf8 24. Be1 Kh8 25. Qh5 Nge7 26. Nc7 Nd4 27. Ne6 Nxe6 28. Bxe6 Rf6 29. h4 gxh4 30. Rxh4 Nf5 31. Bxf5 Rxf5 32. Qg4 e4 33. Qxe4 Bd4 34. Rxh6+ Qxh6 35. Qxf5 Qc1 36. Qf8+ Kh7 37. Qe7+ Bg7 38. Rf3 Rxa5 39. Rf7 1-0

[Event "Leiden op-A 8th"]
[Site "Leiden"]
[Date "2014.07.18"]
[Round "7"]
[White "Slingerland, Fred"]
[Black "Lupor, Andre"]
[Result "1/2-1/2"]
[WhiteElo "2328"]
[BlackElo "2281"]
[PlyCount "62"]
[EventDate "2014.07.11"]
[EventType "swiss"]
[EventRounds "9"]
[EventCountry "NED"]
[SourceTitle "CBM 161 Extra"]
[Source "ChessBase"]
[SourceDate "2014.08.29"]
[SourceVersion "1"]
[SourceVersionDate "2014.08.29"]
[SourceQuality "1"]

1. e4 c5 2. Nf3 e6 3. d4 cxd4 4. Nxd4 a6 5. Be2 Nf6 6. Nc3 Qc7 7. 0-0 d6 8. f4 Be7 9. Kh1 0-0 10. Qe1 b5 11. a3 Bb7 12. Bf3 Nc6 13. Be3 Nxd4 14. Bxd4 e5 15. fxe5 dxe5 16. Qg3 Bd6 17. Be3 Kh8 18. Bg5 Be7 19. Rad1 Rad8 20. Qh4 Rxd1 21. Bxd1 Ng8 22. Be2 Bxg5 23. Qxg5 Rd8 24. Bd3 f6 25. Qh5 g6 26. Qh4 Kg7 27. Rf3 Qe7 28. Rh3 Kh8 29. Rg3 Kg7 30. Rh3 Kh8 31. Rg3 Kg7 1/2-1/2

[Event "Leiden op-A 8th"]
[Site "Leiden"]
[Date "2014.07.15"]
[Round "5"]
[White "Ratsma, Rosa"]
[Black "Lupor, Andre"]
[Result "0-1"]
[WhiteElo "1939"]
[BlackElo "2281"]
[PlyCount "70"]
[EventDate "2014.07.11"]
[EventType "swiss"]
[EventRounds "9"]
[EventCountry "NED"]
[SourceTitle "CBM 161 Extra"]
[Source "ChessBase"]
[SourceDate "2014.08.29"]
[SourceVersion "1"]
[SourceVersionDate "2014.08.29"]
[SourceQuality "1"]

1. e4 c5 2. Nf3 e6 3. d4 cxd4 4. Nxd4 a6 5. Nc3 Qc7 6. f4 d6 7. Bd3 Nf6 8. Qe2 Nbd7 9. Nb3 b5 10. a3 Bb7 11. g4 Nc5 12. Nxc5 dxc5 13. g5 Nd7 14. Qg4 c4 15. Be2 b4 16. axb4 Bxb4 17. Bf3 0-0 18. Bd2 f5 19. gxf6 Nxf6 20. Qh3 Bxc3 21. bxc3 Bxe4 22. Bxe4 Nxe4 23. Be3 e5 24. Qe6+ Kh8 25. Qxe5 Qc6 26. Rg1 Nf6 27. Qg5 Rf7 28. Bd4 Qf3 29. Rg3 Re8+ 30. Be5 Qh1+ 31. Rg1 Qe4+ 32. Kd1 Qf3+ 33. Kc1 Qe3+ 34. Kb2 Rb7+ 35. Ka2 Qb6 0-1

[Event "Leiden op-A 8th"]
[Site "Leiden"]
[Date "2014.07.11"]
[Round "1"]
[White "Kouwenhoven, Arjen"]
[Black "Lupor, Andre"]
[Result "1-0"]
[WhiteElo "1995"]
[BlackElo "2281"]
[PlyCount "47"]
[EventDate "2014.07.11"]
[EventType "swiss"]
[EventRounds "9"]
[EventCountry "NED"]
[SourceTitle "CBM 161 Extra"]
[Source "ChessBase"]
[SourceDate "2014.08.29"]
[SourceVersion "1"]
[SourceVersionDate "2014.08.29"]
[SourceQuality "1"]

1. e4 c5 2. Nf3 e6 3. d4 cxd4 4. Nxd4 a6 5. Bd3 Nf6 6. 0-0 Qc7 7. Qe2 d6 8. a4 b6 9. Nd2 Nbd7 10. c3 Be7 11. f4 Bb7 12. Bc2 g6 13. N2f3 e5 14. Nb3 0-0 15. f5 gxf5 16. Bh6 fxe4 17. Ng5 d5 18. Qe1 Bc5+ 19. Kh1 Kh8 20. Qh4 Qd6 21. Rf5 Qe7 22. Nxc5 Qxc5 23. Raf1 Qd6 24. Bxf8 1-0

[Event "Bad Woerishofen op 30th"]
[Site "Bad Woerishofen"]
[Date "2014.03.22"]
[Round "2"]
[White "Lupor, Andre"]
[Black "Herold, Gunther"]
[Result "1-0"]
[WhiteElo "2297"]
[BlackElo "1897"]
[PlyCount "53"]
[EventDate "2014.03.21"]
[EventType "swiss"]
[EventRounds "9"]
[EventCountry "GER"]
[SourceTitle "CBM 159 Extra"]
[Source "ChessBase"]
[SourceDate "2014.04.24"]
[SourceVersion "1"]
[SourceVersionDate "2014.04.24"]
[SourceQuality "1"]

1. d4 Nf6 2. c4 e5 3. dxe5 Ng4 4. Bf4 Bb4+ 5. Nd2 Nc6 6. Ngf3 Qe7 7. e3 Ngxe5 8. Nxe5 Nxe5 9. Be2 Bd6 10. 0-0 Ng6 11. Bxd6 Qxd6 12. Qc2 Qe7 13. Ne4 d6 14. Nc3 c6 15. Rad1 0-0 16. Rd4 Be6 17. Rfd1 Nh4 18. Rxd6 Qg5 19. g3 Nf5 20. R6d2 h5 21. e4 Ne7 22. f4 Qc5+ 23. Kg2 h4 24. Rd4 hxg3 25. hxg3 Ng6 26. Qd2 Qa5 27. Nd5 1-0

[Event "NRW Class1 1112"]
[Site "Germany"]
[Date "2012.03.04"]
[Round "7.3"]
[White "Lupor, Andre"]
[Black "Konijn, Bart"]
[Result "1/2-1/2"]
[WhiteElo "2202"]
[BlackElo "2161"]
[PlyCount "76"]
[EventDate "2011.09.18"]
[EventType "team-tourn"]
[EventRounds "9"]
[EventCountry "GER"]
[SourceTitle "EXT 2015"]
[Source "ChessBase"]
[SourceDate "2014.11.20"]
[SourceVersion "1"]
[SourceVersionDate "2014.11.20"]
[SourceQuality "1"]
[WhiteTeam "Ennepe Ruhr Sued"]
[BlackTeam "Rheine Klein Berlin"]
[WhiteTeamCountry "GER"]
[BlackTeamCountry "GER"]

1. d4 d5 2. c4 c6 3. Nf3 Nf6 4. e3 e6 5. b3 Nbd7 6. Bb2 Be7 7. Bd3 b6 8. Nc3 Bb7 9. 0-0 0-0 10. Qc2 Rc8 11. Rad1 c5 12. cxd5 cxd4 13. Nxd4 Bxd5 14. Ba6 Rc7 15. Qe2 Ba8 16. f3 Rc5 17. b4 Rh5 18. a3 Qb8 19. f4 e5 20. Ndb5 Re8 21. f5 e4 22. h3 Ne5 23. Ba1 Nf3+ 24. gxf3 Rg5+ 25. Kh1 exf3 26. Rxf3 Qg3 27. e4 Nxe4 28. Nd5 Bxd5 29. Rxg3 Nxg3+ 30. Kh2 Nxe2 31. Rxd5 Bf6 32. Bxf6 gxf6 33. Nc7 Re3 34. Rd8+ Kg7 35. Ne8+ Kh6 36. Nxf6 Kg7 37. Ne8+ Kh6 38. Nf6 Kg7 1/2-1/2

[Event "NRW Class1 1112"]
[Site "Germany"]
[Date "2011.12.04"]
[Round "4.3"]
[White "Stoeber, Michael"]
[Black "Lupor, Andre"]
[Result "0-1"]
[WhiteElo "2239"]
[BlackElo "2202"]
[PlyCount "130"]
[EventDate "2011.09.18"]
[EventType "team-tourn"]
[EventRounds "9"]
[EventCountry "GER"]
[SourceTitle "EXT 2015"]
[Source "ChessBase"]
[SourceDate "2014.11.20"]
[SourceVersion "1"]
[SourceVersionDate "2014.11.20"]
[SourceQuality "1"]
[WhiteTeam "Langenfeld"]
[BlackTeam "Ennepe Ruhr Sued"]
[WhiteTeamCountry "GER"]
[BlackTeamCountry "GER"]

1. d4 Nf6 2. c4 e6 3. Nf3 b6 4. e3 Bb7 5. Bd3 c5 6. 0-0 Be7 7. Nc3 cxd4 8. exd4 d5 9. b3 0-0 10. Bb2 dxc4 11. bxc4 Nc6 12. Rc1 Rc8 13. Qe2 Nb4 14. Bb1 Bxf3 15. gxf3 Re8 16. Rfd1 Bf8 17. Ne4 Nh5 18. Qe3 Qh4 19. Kh1 f5 20. Qg5 Qxg5 21. Nxg5 h6 22. Nxe6 Rxe6 23. Bxf5 Ree8 24. Bxc8 Rxc8 25. a3 Na6 26. c5 bxc5 27. d5 Bd6 28. Rc4 Nc7 29. Rg1 Ne8 30. Rh4 Nhf6 31. Rxh6 Kf7 32. Rhg6 Bf8 33. R6g5 c4 34. Rc1 Bd6 35. Rgg1 Nxd5 36. Bd4 Bxa3 37. Ra1 Bc5 38. Bxc5 Rxc5 39. Rxa7+ Nec7 40. Rd1 Kf6 41. Kg2 c3 42. Kg3 c2 43. Rc1 Rc3 44. Rb7 Ne6 45. Rb5 Ke5 46. Kg4 Nd4 47. f4+ Kd6 48. Rb7 Ne2 49. Rxc2 Rxc2 50. Rxg7 Nexf4 51. Ra7 Rxf2 52. h4 Ke5 53. Ra5 Rg2+ 54. Kf3 Rg7 55. Rb5 Ne6 56. Rb8 Nd4+ 57. Kf2 Nf6 58. h5 Ne4+ 59. Kf1 Rh7 60. Kg2 Rxh5 61. Re8+ Kf4 62. Rf8+ Ke3 63. Rg8 Ne2 64. Ra8 Nf4+ 65. Kg1 Rg5+ 0-1

[Event "NRW Class1 0809"]
[Site "Germany"]
[Date "2009.03.01"]
[Round "7.5"]
[White "Gruermann, Martin"]
[Black "Lupor, Andre"]
[Result "0-1"]
[WhiteElo "2113"]
[BlackElo "2321"]
[PlyCount "94"]
[EventDate "2008.09.21"]
[EventType "team-tourn"]
[EventRounds "9"]
[EventCountry "GER"]
[SourceTitle "EXT 2010"]
[Source "ChessBase"]
[SourceDate "2010.11.25"]
[SourceVersion "1"]
[SourceVersionDate "2010.11.25"]
[SourceQuality "1"]
[WhiteTeam "Letmathe"]
[BlackTeam "Duesseldorf"]
[WhiteTeamCountry "GER"]
[BlackTeamCountry "GER"]

1. c4 c5 2. g3 Nc6 3. Bg2 g6 4. Nc3 Bg7 5. Nf3 e5 6. d3 Nge7 7. 0-0 d6 8. Bd2 0-0 9. Qc1 Rb8 10. Ne1 Be6 11. Nc2 d5 12. cxd5 Nxd5 13. Bh6 f6 14. Bxg7 Kxg7 15. Nxd5 Bxd5 16. Bxd5 Qxd5 17. Ne3 Qd6 18. Nc4 Qd7 19. Qe3 Nd4 20. Rfc1 Rbc8 21. Nd2 Qd5 22. Nf3 Nxf3+ 23. Qxf3 Qxf3 24. exf3 Rfd8 25. Rc3 Rc6 26. Rac1 Rdc8 27. Kf1 Kf7 28. Ra3 a6 29. Rac3 Ke6 30. Ke2 Kd5 31. Ke3 g5 32. g4 h5 33. gxh5 Rh8 34. h4 gxh4 35. Rh1 Rxh5 36. Rc4 Rb6 37. b3 Rb4 38. f4 b5 39. Re4 Rd4 40. fxe5 fxe5 41. Rxd4+ cxd4+ 42. Kf3 Rf5+ 43. Ke2 Rh5 44. f3 Ke6 45. f4 exf4 46. Kf3 Kf5 47. Rc1 h3 0-1

[Event "Bayern-chI Bank Hofmann 12th"]
[Site "Bad Wiessee"]
[Date "2008.11.08"]
[Round "8"]
[White "Herbold, Manfred"]
[Black "Lupor, Andre"]
[Result "0-1"]
[WhiteElo "2148"]
[BlackElo "2321"]
[PlyCount "80"]
[EventDate "2008.11.01"]
[EventType "swiss"]
[EventRounds "9"]
[EventCountry "GER"]
[SourceTitle "EXT 2009"]
[Source "ChessBase"]
[SourceDate "2008.11.26"]
[SourceVersion "1"]
[SourceVersionDate "2008.11.26"]
[SourceQuality "1"]

1. e4 c5 2. b4 cxb4 3. a3 d5 4. exd5 Qxd5 5. Nf3 e5 6. Bb2 Nc6 7. Bd3 Bg4 8. Qe2 Bxf3 9. gxf3 Nf6 10. axb4 Bxb4 11. Nc3 Qd7 12. Rg1 0-0 13. Ne4 Nxe4 14. Qxe4 f5 15. Qe3 Qe7 16. f4 Bc5 17. Qh3 Rae8 18. Kf1 Qd7 19. Rg5 g6 20. Re1 Bd4 21. Ba3 Rf6 22. Bb5 exf4 23. Qb3+ Kg7 24. Rxe8 Qxe8 25. c3 Bb6 26. d4 Qe4 27. Qd1 Qd5 28. Be2 Re6 29. Bb2 Na5 30. Qd3 Qe4 31. c4 Qxd3 32. Bxd3 Re8 33. h4 Bd8 34. Rg1 Bxh4 35. Kg2 Bf6 36. Ra1 b6 37. Ra2 Rd8 38. Bc3 Bxd4 39. Bxa5 bxa5 40. Re2 Kf6 0-1

[Event "NRW Class1 0809"]
[Site "Germany"]
[Date "2008.09.21"]
[Round "1.4"]
[White "Forchert, Niko"]
[Black "Lupor, Andre"]
[Result "0-1"]
[WhiteElo "2197"]
[BlackElo "2321"]
[PlyCount "42"]
[EventDate "2008.09.21"]
[EventType "team-tourn"]
[EventRounds "9"]
[EventCountry "GER"]
[SourceTitle "EXT 2010"]
[Source "ChessBase"]
[SourceDate "2010.11.25"]
[SourceVersion "1"]
[SourceVersionDate "2010.11.25"]
[SourceQuality "1"]
[WhiteTeam "Bielefeld"]
[BlackTeam "Duesseldorf"]
[WhiteTeamCountry "GER"]
[BlackTeamCountry "GER"]

1. d4 Nf6 2. Nf3 g6 3. Bg5 Bg7 4. Nbd2 0-0 5. e4 d5 6. Bd3 dxe4 7. Nxe4 Nxe4 8. Bxe4 c5 9. c3 cxd4 10. cxd4 Nd7 11. Qd2 Nf6 12. Bc2 Bg4 13. Ne5 Be6 14. 0-0 Qb6 15. Rad1 Qxb2 16. Rb1 Qxa2 17. Rxb7 Rfc8 18. Bd3 Qd5 19. Qb4 a5 20. Qxe7 Bf8 21. Qxf6 Qxb7 0-1

[Event "Bad Woerishofen op 24th"]
[Site "Bad Woerishofen"]
[Date "2008.03.05"]
[Round "7"]
[White "Lupor, Andre"]
[Black "Galdunts, Sergey"]
[Result "1-0"]
[WhiteElo "2308"]
[BlackElo "2483"]
[PlyCount "41"]
[EventDate "2008.02.28"]
[EventType "swiss"]
[EventRounds "9"]
[EventCountry "GER"]
[SourceTitle "CBM 123 Extra"]
[Source "ChessBase"]
[SourceDate "2008.05.06"]
[SourceVersion "1"]
[SourceVersionDate "2008.05.06"]
[SourceQuality "1"]

1. d4 d5 2. c4 e6 3. Nf3 c5 4. cxd5 exd5 5. Nc3 Nc6 6. g3 Nf6 7. Bg2 Be7 8. 0-0 0-0 9. Bg5 cxd4 10. Nxd4 h6 11. Be3 Re8 12. Rc1 Bf8 13. Na4 Qa5 14. Nxc6 bxc6 15. Rxc6 Bd7 16. Bd2 Qd8 17. Rc1 Bxa4 18. Qxa4 Rxe2 19. Bc3 Ne4 20. Bd4 Qg5 21. Bf3 1-0

[Event "Bad Woerishofen op 24th"]
[Site "Bad Woerishofen"]
[Date "2008.03.04"]
[Round "6"]
[White "Stuemer, Paul"]
[Black "Lupor, Andre"]
[Result "0-1"]
[WhiteElo "2160"]
[BlackElo "2308"]
[PlyCount "74"]
[EventDate "2008.02.28"]
[EventType "swiss"]
[EventRounds "9"]
[EventCountry "GER"]
[SourceTitle "CBM 123 Extra"]
[Source "ChessBase"]
[SourceDate "2008.05.06"]
[SourceVersion "1"]
[SourceVersionDate "2008.05.06"]
[SourceQuality "1"]

1. e4 c5 2. Nf3 Nc6 3. d3 g6 4. g3 Bg7 5. Bg2 d6 6. 0-0 e5 7. c3 Nge7 8. a3 0-0 9. b4 a6 10. Be3 b6 11. d4 exd4 12. cxd4 Bg4 13. Nbd2 Nxd4 14. h3 Nxf3+ 15. Nxf3 Be6 16. Rc1 h6 17. Qd2 Kh7 18. Rfd1 Bb3 19. Re1 Rc8 20. Bf4 d5 21. exd5 Nxd5 22. Be5 c4 23. Qd4 f6 24. Nd2 Nxb4 25. axb4 fxe5 26. Qe3 Qd4 27. Be4 Qxe3 28. fxe3 h5 29. Nf3 Bf6 30. Bb7 Rc7 31. Bxa6 c3 32. Bd3 c2 33. g4 hxg4 34. hxg4 e4 35. Bxe4 Bb2 36. Ng5+ Kh6 37. Ne6 Bxe6 0-1